000 01370nam a2200349 a 4500
003 BLK
005 20240706152046.0
007 ta
008 180409b bul|||||r ||||||| ||bul||
020 _a9786197106015
020 _a9786192270056
_q!
040 _aBLK
041 _aBUL
_aENG
_cBUL
080 _aАнглийски език
_b811.111
_x(0.046.6)
_z811.111(0.046.6)
_9226879
084 _aП 37
100 _9363365
_aПеро, Шарл
245 1 0 _aМагарешката кожа : прочети сам
_cпо Шарл Перо ; ил. Любка Маринкова ; прев. Милена Котупова
246 _aThe donkey skin
260 _a[София]
_bA&T Publ.
_c[2013]
_9391719
300 _a[10] с.
_bс цв. ил.
_c24 см
380 _aDN
500 _aТекст на бълг. и англ. език. - Книга от поредицата Прочети сам.
650 0 _9337534
_aАнглийски език - за деца - адаптирани книги
700 _aМаринкова, Любка
_9486938
700 1 _aКотупова, Милена
_eпрев.
_983435
852 _a811.111(0.046.6)/П 37 Ш
_bД
856 4 _qpdf
_i0.00
_ldisable
856 4 _qpdf
_i0.00
_ldisable
942 _cKNG
_n0
_04
944 _cКети Илиева
_k30549
_lВася Ганчева
999 _c494693
_d494693